000 00543nam a22001937a 4500
005 20251108165327.0
008 250721s1995 xx 000 0 ara d
082 1 4 _a956.64/يوس
100 1 _aالسالم، يوسف
245 1 0 _aقابوس بن سعيد وطنيا و عربيا و عالميا /
264 1 _aمسقط :
_bالمؤلف،
_c1995.
300 _a949ص
650 1 7 _aعمان
650 1 7 _aالتاريخ
650 1 7 _aقابوس بن سعيد
650 1 7 _aسلطان عمان
942 _2ddc
_cBK
999 _c25189
_d25189